[Event "Challenge"]
[Site "http://www.queenalice.com/game.php?id=583102"]
[Date "2009.5.4"]
[Round "-"]
[White "Ebbe"]
[Black "rpdemo"]
[Result "1-0"]
[WhiteElo "1895"]
[BlackElo "1525"]

1. d4 d5 2. c4 c6 3. Nc3 Nf6 4. Bg5 Ne4 5. Nxe4 dxe4 6. e3 f6 7. Bh4 e5 8. Ne2
Bb4+ 9. Nc3 Nd7 10. dxe5 O-O 11. Qb3 Bxc3+ 12. Qxc3 Nxe5 13. Be2 Nd3+ 14. Bxd3
exd3 15. Rd1 Bf5 16. O-O Rf7 17. Rfe1 Rd7 18. e4 Bg6 19. e5 d2 20. Re2 Bh5 21.
f3 Rd3 22. Rexd2 Bg6 23. Qc1 Qd4+ 24. Bf2 Qxe5 25. c5 Qf4 26. Rxd3 Qxc1 27. Rxc1
Bxd3 28. Bg3 b6 29. cxb6 axb6 30. Rxc6 Bf5 31. a3 b5 32. Rc5 Bd7 33. Rd5 Bc6 34.
Rd4 Be8 35. Rg4 f5 36. Rg5 g6 37. h4 Kg7 38. Be5+ Kf7 39. h5 Ke6 40. f4 Ra4 41.
h6 Rc4 42. Rg3 Rc2 43. Kh2 Rxb2 44. Bxb2 Kd5 45. Re3 Bc6 46. Re7 g5 47. g3 gxf4
48. Rxh7 f3 49. Kg1 Ke4 50. Kf2 f4 51. Re7+ Kf5 52. h7 Kg4 53. gxf4 Kxf4 54.
h8=Q Bd5 55. Qf8+ Kg4 56. Rg7+ Kh4 57. Qh8# 1-0

[Event "Challenge"]
[Site "http://www.queenalice.com/game.php?id=589886"]
[Date "2009.5.17"]
[Round "-"]
[White "rpdemo"]
[Black "Ebbe"]
[Result "0-1"]
[WhiteElo "1540"]
[BlackElo "1890"]

1. e4 e5 2. Nf3 Nc6 3. g3 d5 4. d3 d4 5. Bg2 Bg4 6. O-O h5 7. Bg5 f6 8. Bd2 Qd7
9. c3 Bh3 10. cxd4 exd4 11. Nh4 Bxg2 12. Nxg2 O-O-O 13. Bf4 Qh3 14. Nh4 Nge7 15.
Nd2 g5 16. Qf3 gxh4 17. Qg2 Qe6 18. b3 Rg8 19. Nf3 h3 20. Qh1 Bh6 21. Bxh6 f5
22. Ng5 Qxh6 23. Nf7 Qh7 24. Nxd8 Kxd8 25. e5 f4 26. Qe4 Qxe4 27. dxe4 Nxe5 28.
f3 fxg3 29. f4 gxh2+ 30. Kxh2 Ng4+ 31. Kxh3 Nf6 32. Rad1 c5 33. e5 Nfd5 34. f5
Ne3 35. Rg1 Nxd1 36. Rxg8+ Nxg8 0-1

[Event "Let's Play Chess!"]
[Site "http://www.queenalice.com/game.php?id=592931"]
[Date "2009.5.24"]
[Round "-"]
[White "rpdemo"]
[Black "dida"]
[Result "1-0"]
[WhiteElo "1529"]
[BlackElo "1285"]

1. e4 e5 2. Nf3 Nc6 3. g3 a6 4. c3 Bd6 5. d3 h6 6. d4 f6 7. Nh4 Nge7 8. Qh5+ g6
9. Nxg6 Nxg6 10. Qxg6+ Ke7 11. Qg7+ Ke6 12. Bc4# 1-0

[Event "AUTO-INT-1321"]
[Site "http://www.queenalice.com/game.php?id=593363"]
[Date "2009.5.25"]
[Round "1"]
[White "Popeye"]
[Black "rpdemo"]
[Result "1-0"]
[WhiteElo "1613"]
[BlackElo "1508"]

1. d4 Nf6 2. h3 d5 3. Nc3 e6 4. a3 h6 5. Nf3 Be7 6. e3 Bd6 7. Bb5+ Bd7 8. Bxd7+
Nbxd7 9. Nb5 Ne4 10. Nxd6+ Nxd6 11. Bd2 Nf6 12. Bb4 Nfe4 13. Ne5 O-O 14. Bxd6
Qxd6 15. O-O b6 16. c3 f6 17. Nf3 e5 18. Nh4 Ng5 19. Nf5 Qe6 20. Ng3 Ne4 21.
Nxe4 exd4 22. Qxd4 dxe4 23. f3 exf3 24. Rxf3 c5 25. Qg4 f5 26. Qg3 Rad8 27. e4
g6 28. exf5 Rxf5 29. Re1 Qd5 30. Qxg6+ 1-0

[Event "AUTO-INT-1321"]
[Site "http://www.queenalice.com/game.php?id=593364"]
[Date "2009.5.25"]
[Round "1"]
[White "rpdemo"]
[Black "Popeye"]
[Result "0-1"]
[WhiteElo "1516"]
[BlackElo "1667"]

1. e4 e5 2. g3 d6 3. Bg2 Nf6 4. Nc3 a6 5. Nf3 h6 6. O-O Bg4 7. d4 Nc6 8. d5 Ne7
9. Be3 c6 10. dxc6 Nxc6 11. b3 Bxf3 12. Bxf3 Be7 13. Nd5 Nxd5 14. exd5 Nb8 15.
c4 Nd7 16. b4 Bg5 17. Bh5 g6 18. f4 Bf6 19. Bg4 h5 20. Bxd7+ Qxd7 21. fxe5 Bxe5
22. Rb1 O-O 23. Rc1 b6 24. c5 bxc5 25. bxc5 dxc5 26. Bxc5 Rfe8 27. Re1 Bb2 28.
Rc2 Rab8 29. Rxe8+ Qxe8 30. d6 Rb7 31. Bd4 Ba3 32. Rc3 Bxd6 33. Re3 Qd7 34. Be5
Bc5 35. Qe1 Bxe3+ 36. Qxe3 Qd1+ 37. Kg2 Qc2+ 38. Kh3 Re7 39. Qg5 Qc5 40. Qf6
Qxe5 0-1

[Event "AUTO-INT-1321"]
[Site "http://www.queenalice.com/game.php?id=593379"]
[Date "2009.5.25"]
[Round "1"]
[White "rpdemo"]
[Black "saturnin"]
[Result "0-1"]
[WhiteElo "1521"]
[BlackElo "1596"]

1. e4 Nc6 2. d4 d5 3. Nc3 e6 4. Nf3 Bb4 5. Bd2 Nge7 6. Bb5 O-O 7. O-O a6 8. Bxc6
Nxc6 9. Na4 b6 10. Ne5 Nxe5 11. dxe5 Qe7 12. Bxb4 Qxb4 13. Nc3 Qxb2 14. Na4 Qxe5
15. exd5 exd5 16. Re1 Qd6 17. Nc3 d4 18. Ne4 Qb4 19. a3 Qc4 20. Nd2 Qd5 21. Nb3
Bb7 22. f3 c5 23. c4 Qxc4 24. Rb1 Rad8 25. Re7 Bc8 26. Nd2 Qa2 27. Rxb6 Qxa3 28.
Rb8 Be6 29. Rxd8 Qe3+ 30. Kh1 Rxd8 31. Nc4 Qc3 32. Ne5 a5 33. Nc6 Rc8 34. Rxe6
fxe6 35. Ne7+ Kf7 36. Nxc8 d3 37. Nd6+ Ke7 38. Nb5 Qc2 0-1

[Event "AUTO-INT-1321"]
[Site "http://www.queenalice.com/game.php?id=593380"]
[Date "2009.5.25"]
[Round "1"]
[White "saturnin"]
[Black "rpdemo"]
[Result "1-0"]
[WhiteElo "1596"]
[BlackElo "1535"]

1. Nf3 d5 2. d4 Nf6 3. e3 a6 4. c3 Bf5 5. Bd3 Bg4 6. O-O e6 7. a4 Nc6 8. b4 b5
9. a5 e5 10. h3 e4 11. hxg4 Nxg4 12. Be2 exf3 13. Bxf3 Nf6 14. Ra2 Bd6 15. Re2
O-O 16. Rfe1 Qd7 17. e4 Rfe8 18. exd5 Na7 19. Bg5 Qf5 20. Bxf6 Rxe2 21. Rxe2
Qxf6 22. Qe1 g6 23. g3 Qxf3 24. Re4 Rd8 25. Na3 Nc8 26. Re8+ Rxe8 27. Qxe8+ Bf8
28. Qxc8 Qxc3 29. d6 Kg7 30. dxc7 Bd6 31. Nxb5 Qxb4 32. Nxd6 Qxd6 33. Qd8 1-0

[Event "AUTO-INT-1321"]
[Site "http://www.queenalice.com/game.php?id=593381"]
[Date "2009.5.25"]
[Round "1"]
[White "rpdemo"]
[Black "yugioh1"]
[Result "0-1"]
[WhiteElo "1496"]
[BlackElo "1564"]

1. e4 c5 2. Nc3 Nc6 3. Nf3 e6 4. d4 cxd4 5. Nxd4 Bc5 6. Nf3 Nf6 7. Bg5 O-O 8. e5
Be7 9. Nb5 Qa5+ 10. c3 a6 11. Nbd4 Nxd4 12. Nxd4 Qxe5+ 13. Be3 Bc5 14. Be2 Bxd4
15. cxd4 Qa5+ 16. Bd2 Qb6 17. Bc3 Nd5 18. O-O Nxc3 19. bxc3 d5 20. c4 dxc4 21.
Bxc4 a5 22. a4 Bd7 23. Rb1 Qc6 24. Bb5 Qc7 25. Rc1 Qf4 26. Bxd7 Rfd8 27. Rc7
Qxc7 0-1

[Event "AUTO-INT-1321"]
[Site "http://www.queenalice.com/game.php?id=593382"]
[Date "2009.5.25"]
[Round "1"]
[White "yugioh1"]
[Black "rpdemo"]
[Result "1-0"]
[WhiteElo "1650"]
[BlackElo "1506"]

1. e4 e5 2. Nf3 d6 3. Bc4 Nf6 4. Ng5 d5 5. Bxd5 Nxd5 6. exd5 Qxg5 7. O-O Bd6 8.
d4 e4 9. Bxg5 O-O 10. Re1 Bf5 11. f3 exf3 12. Qxf3 g6 13. Nc3 Bxc2 14. Be7 Bxe7
15. Rxe7 Na6 16. Rc1 Bf5 17. Ne4 Kg7 18. Ng5 Nb4 19. Rcxc7 Rae8 20. Rxf7+ Rxf7
21. Rxf7+ Kg8 22. g4 1-0

[Event "AUTO-INT-2409"]
[Site "http://www.queenalice.com/game.php?id=1093849"]
[Date "2012.8.17"]
[Round "1"]
[White "rpdemo"]
[Black "scaccomatto"]
[Result "0-1"]
[WhiteElo "1488"]
[BlackElo "1928"]

1. e4 e5 2. Nf3 Nc6 3. g3 Nf6 4. d3 Bc5 5. Bg2 d6 6. O-O O-O 7. Bg5 h6 8. Bxf6
Qxf6 9. Nbd2 Bg4 10. c3 Rad8 11. Qa4 a6 12. b4 Bb6 13. b5 axb5 14. Qxb5 Qe6 15.
Nc4 Qf6 16. Nxb6 cxb6 17. Qxb6 Bxf3 18. Qxb7 Bxg2 19. Kxg2 Ne7 20. Rab1 Rb8 21.
Qa7 Rxb1 0-1

[Event "AUTO-INT-2409"]
[Site "http://www.queenalice.com/game.php?id=1093850"]
[Date "2012.8.17"]
[Round "1"]
[White "scaccomatto"]
[Black "rpdemo"]
[Result "1-0"]
[WhiteElo "1932"]
[BlackElo "1484"]

1. e4 e5 2. Nf3 f6 3. Nxe5 d5 4. Qh5+ g6 5. Nxg6 hxg6 6. Qxh8 Nh6 7. d3 Qd6 8.
Bxh6 dxe4 9. Qxf8+ Qxf8 10. Bxf8 Kxf8 11. dxe4 Kf7 12. Bc4+ Kg7 13. Nc3 Bg4 14.
f3 Bh5 15. g4 Bxg4 16. fxg4 g5 17. h4 Nd7 18. hxg5 fxg5 19. O-O-O Ne5 20. Be2
Rf8 21. Rhf1 1-0

[Event "AUTO-OPEN-2767"]
[Site "http://www.queenalice.com/game.php?id=1094164"]
[Date "2012.8.18"]
[Round "1"]
[White "rpdemo"]
[Black "fluffybunnyfeet"]
[Result "0-1"]
[WhiteElo "1513"]
[BlackElo "2074"]

1. e4 c5 2. d3 g6 3. d4 cxd4 4. Qxd4 Nf6 5. Bg5 Nc6 6. Qe3 Bg7 7. Nd2 Ng4 8. Qe2
d6 9. h3 Bxb2 10. Rb1 Bf6 11. Bxf6 Nxf6 12. Ngf3 O-O 13. g3 Qa5 14. Bg2 Qxa2 15.
Qd3 d5 16. exd5 Nxd5 17. O-O Nb6 18. Nd4 Nxd4 19. Qxd4 Qxc2 20. Rbc1 Qf5 21. g4
Qd7 22. Nb3 Qxd4 23. Nxd4 e5 0-1

[Event "AUTO-OPEN-2767"]
[Site "http://www.queenalice.com/game.php?id=1094187"]
[Date "2012.8.18"]
[Round "1"]
[White "rpdemo"]
[Black "scaccomatto"]
[Result "0-1"]
[WhiteElo "1486"]
[BlackElo "1930"]

1. e4 e5 2. Nf3 Nc6 3. g3 Nf6 4. d3 Bc5 5. Bg2 d6 6. O-O O-O 7. Bg5 h6 8. Bxf6
Qxf6 9. Nc3 Bg4 10. Nd5 Qd8 11. Qd2 Nd4 12. Nxd4 Bxd4 13. c3 c6 14. Ne3 Bxe3 15.
Qxe3 Qf6 16. f3 Be6 17. f4 Qe7 18. f5 Bd7 0-1

[Event "AUTO-OPEN-2767"]
[Site "http://www.queenalice.com/game.php?id=1094188"]
[Date "2012.8.18"]
[Round "1"]
[White "scaccomatto"]
[Black "rpdemo"]
[Result "1-0"]
[WhiteElo "1934"]
[BlackElo "1482"]

1. e4 e5 2. Nf3 f6 3. Nxe5 fxe5 4. Qh5+ Ke7 5. Qxe5+ Kf7 6. Bc4+ d5 7. Bxd5+ Kg6
8. h4 h5 9. Bxb7 Bd6 10. Qa5 Bxb7 11. Qf5+ Kh6 12. d4+ g5 13. Bxg5+ Qxg5 14.
hxg5+ Kg7 15. e5 1-0